|
|
|
|
| LEADER |
00000nam0a2200000 4500 |
| 001 |
16379 |
| 005 |
20251114144040.0 |
| 010 |
|
|
|a 5868590056
|
| 035 |
|
|
|a (RuTPU)RU\TPU\book\16503
|
| 035 |
|
|
|a BOOK00016572
|
| 090 |
|
|
|a 16379
|
| 100 |
|
|
|a 20011209d1994 k y0rusy50 ca
|
| 101 |
0 |
|
|a rus
|
| 102 |
|
|
|a RU
|
| 105 |
|
|
|a y z 001zd
|
| 200 |
1 |
|
|a Смутное время Московского государства в начале XVII столетия. 1604-1613
|e Исторические монографии и исследования
|f Н. И. Костомаров
|
| 210 |
|
|
|a Москва
|c Чарли
|d 1994
|
| 215 |
|
|
|a 800 с.
|
| 600 |
|
0 |
|a Лжедмитрий
|d I
|f ? - 1606
|c самозванец, выдававший себя за царевича Дмитрия
|c настоящее имя, предположительно, Отрепьев Юрий Богданович
|2 stltpui
|3 (RuTPU)RU\TPU\pers\683
|
| 600 |
|
0 |
|a Василий Шуйский
|d IV
|f 1552-1612
|c русский царь в 1606 - 1610 гг.
|c полное имя Шуйский Василий Иванович
|2 stltpush
|3 (RuTPU)RU\TPU\pers\10811
|
| 606 |
|
|
|a Смутное время в России
|9 81732
|
| 610 |
1 |
|
|a история
|
| 610 |
1 |
|
|a Россия
|
| 610 |
1 |
|
|a Московская смута
|
| 610 |
1 |
|
|a монографии
|
| 610 |
1 |
|
|a исследования
|
| 610 |
1 |
|
|a 17 век
|
| 686 |
|
|
|a Т3(2)44
|2 rubbk
|
| 700 |
|
1 |
|a Костомаров
|b Н. И.
|c российский историк
|f 1817-1885
|g Николай Иванович
|3 (RuTPU)RU\TPU\pers\8142
|9 1580
|
| 801 |
|
0 |
|a RU
|b 63413507
|c 20011209
|g PSBO
|
| 801 |
|
2 |
|a RU
|b 63413507
|c 20120927
|g PSBO
|
| 942 |
|
|
|c BK
|